LEADER 00942nam a2200241 i 4500 001 991002460639707536 005 20020503165522.0 008 940126s1988 it ||| | ita 035 $ab10367871-39ule_inst 035 $aEXGIL104258$9ExL 040 $aBiblioteca Interfacoltà$bita 082 0 $a133.4 100 1 $aDi Nola, Alfonso Maria$0160129 245 13$aIl diavolo :$ble forme, la storia, le vicende di Satana e la sua universale e malefica presenza presso tutti i popoli, dall'antichità ai nostri giorni /$cAlfonso M. di Nola 260 $aRoma :$bNewton Compton,$c1988 300 $a405 p. :$bill. ;$c23 cm 650 4$aDemonio 907 $a.b10367871$b02-04-14$c27-06-02 912 $a991002460639707536 945 $aLE002 St. XVI B 25$g1$i2002000709608$lle002$o-$pE0.00$q-$rl$s- $t0$u6$v4$w6$x0$y.i10430180$z27-06-02 996 $aDiavolo$9144778 997 $aUNISALENTO 998 $ale002$b01-01-94$cm$da $e-$fita$git $h3$i1 LEADER 01669nam 2200529 a 450 001 9910779501703321 005 20200520144314.0 010 $a1-61761-471-8 035 $a(CKB)2550000001042496 035 $a(EBL)3020279 035 $a(SSID)ssj0000880555 035 $a(PQKBManifestationID)11456626 035 $a(PQKBTitleCode)TC0000880555 035 $a(PQKBWorkID)10895494 035 $a(PQKB)10384262 035 $a(MiAaPQ)EBC3020279 035 $a(Au-PeEL)EBL3020279 035 $a(CaPaEBR)ebr10676464 035 $a(OCoLC)834604224 035 $a(EXLCZ)992550000001042496 100 $a20090710d2010 uy 0 101 0 $aeng 135 $aur|n|---||||| 181 $ctxt 182 $cc 183 $acr 200 00$aBuilding strategic language ability programs$b[electronic resource] /$fJoshua R. Weston, editor 210 $aHauppauge, N.Y. $cNova Science Publishers, Inc.$d2010 215 $a1 online resource (166 p.) 225 0 $aLanguages and lingustics series 300 $aDescription based upon print version of record. 311 $a1-60741-127-X 320 $aIncludes bibliographical references and index. 410 0$aLanguages and Linguistics 606 $aLanguage and languages$xAbility testing 606 $aCommunicative competence 615 0$aLanguage and languages$xAbility testing. 615 0$aCommunicative competence. 676 $a428.0076 701 $aWeston$b Joshua R$01481173 801 0$bMiAaPQ 801 1$bMiAaPQ 801 2$bMiAaPQ 906 $aBOOK 912 $a9910779501703321 996 $aBuilding strategic language ability programs$93698051 997 $aUNINA